00714 am a2200169 a 450000500170000000800410001702000150005804100080007311000500008124501390013125000110027026000300028130000110031150001710032265300160049365300350050920240527122724.0100906s1987||||xxua f |||| 000 0 spa d a9275710163 aspa1 aOPSgOrganización Panamericana de la Salud. aTratamiento del niño con infección respiratoria aguda. bHabilidades de supervisión / cOrganización Panamericana de la Salud. a1a ed. aWashington: bOPS;c1987. a122 p. aOrganización Panamericana de la Salud. (1987). Tratamiento del niño con infección respiratoria aguda. Habilidades de supervisión. (1a ed.). Washington : OPS.  aPediatría aInfección respiratoria aguda